[Event "Rhein Main op-A 19th"]
[Site "Bad Homburg"]
[Date "2016.05.29"]
[Round "7"]
[White "Held, Carsten"]
[Black "Busch, Florian"]
[Result "0-1"]
[WhiteElo "2053"]
[BlackElo "1949"]
[PlyCount "44"]
[EventDate "2016.05.25"]
[EventType "swiss"]
[EventRounds "7"]
[EventCountry "GER"]
[SourceTitle "EXT 2017"]
[Source "ChessBase"]
[SourceDate "2016.10.25"]
[SourceVersion "1"]
[SourceVersionDate "2016.10.25"]
[SourceQuality "1"]

1. g3 Nf6 2. Bg2 d5 3. c4 c6 4. d4 dxc4 5. Nf3 Be6 6. a4 Bd5 7. 0-0 e6 8. Nc3 Bb4 9. Qc2 Bxc3 10. bxc3 0-0 11. Re1 Be4 12. Qa2 b5 13. Ba3 Re8 14. Bh3 Bxf3 15. exf3 Nd5 16. Qc2 Nd7 17. f4 a6 18. Rec1 N7b6 19. axb5 axb5 20. Qe4 Na4 21. Qf3 Qa5 22. f5 exf5 0-1

[Event "Rhein Main op-A 19th"]
[Site "Bad Homburg"]
[Date "2016.05.28"]
[Round "6"]
[White "Busch, Florian"]
[Black "Koellner, Ruben Gideon"]
[Result "1/2-1/2"]
[WhiteElo "1949"]
[BlackElo "2087"]
[PlyCount "105"]
[EventDate "2016.05.25"]
[EventType "swiss"]
[EventRounds "7"]
[EventCountry "GER"]
[SourceTitle "EXT 2017"]
[Source "ChessBase"]
[SourceDate "2016.10.25"]
[SourceVersion "1"]
[SourceVersionDate "2016.10.25"]
[SourceQuality "1"]

1. e4 d6 2. d4 Nf6 3. Nc3 e5 4. dxe5 dxe5 5. Qxd8+ Kxd8 6. Bc4 Be6 7. Bxe6 fxe6 8. Nf3 Bd6 9. b3 Nc6 10. Bb2 Ke7 11. 0-0 a6 12. Rad1 h6 13. Nb1 g5 14. h3 Rag8 15. Nbd2 b5 16. c4 Nd7 17. Rc1 b4 18. c5 Nxc5 19. Nxe5 Nxe5 20. Bxe5 Bxe5 21. Rxc5 Bd6 22. Ra5 e5 23. Nc4 Ke6 24. Rd1 Rb8 25. Rxa6 Ra8 26. Rc6 Rhd8 27. Rd2 Ra7 28. f3 Ke7 29. Kh2 Kd7 30. Rc5 Rxa2 31. Rxc7+ Kxc7 32. Rxa2 h5 33. Ra7+ Kc6 34. Ra6+ Kc7 35. Rxd6 Rxd6 36. Nxd6 Kxd6 37. h4 gxh4 38. Kh3 Kc5 39. Kxh4 Kd4 40. Kxh5 Kc3 41. g4 Kxb3 42. g5 Kc3 43. g6 b3 44. g7 b2 45. g8Q b1Q 46. Qd5 Qh1+ 47. Kg4 Qg2+ 48. Kf5 Qxf3+ 49. Kxe5 Qg3+ 50. Ke6 Qg8+ 51. Kd6 Qd8+ 52. Kc6 Qc8+ 53. Kd6 1/2-1/2

[Event "Rhein Main op-A 19th"]
[Site "Bad Homburg"]
[Date "2016.05.26"]
[Round "2"]
[White "Busch, Florian"]
[Black "Paeslack, Luis"]
[Result "1/2-1/2"]
[WhiteElo "1949"]
[BlackElo "1744"]
[PlyCount "35"]
[EventDate "2016.05.25"]
[EventType "swiss"]
[EventRounds "7"]
[EventCountry "GER"]
[SourceTitle "EXT 2017"]
[Source "ChessBase"]
[SourceDate "2016.10.25"]
[SourceVersion "1"]
[SourceVersionDate "2016.10.25"]
[SourceQuality "1"]

1. e4 c5 2. c3 g6 3. d4 cxd4 4. cxd4 d5 5. exd5 Nf6 6. Bb5+ Bd7 7. Bc4 Bg7 8. Nc3 0-0 9. Nf3 Bc8 10. 0-0 Nbd7 11. Re1 Nb6 12. Qb3 Bf5 13. Bg5 Rc8 14. Bxf6 Bxf6 15. Bb5 Qd6 16. Rac1 Rfd8 17. a3 Kg7 18. Bf1 1/2-1/2

[Event "Karl Mala Memorial op-A 17th"]
[Site "Frankfurt"]
[Date "2014.07.31"]
[Round "1"]
[White "Busch, Florian"]
[Black "Malek, Daniel"]
[Result "0-1"]
[WhiteElo "1925"]
[BlackElo "2391"]
[PlyCount "100"]
[EventDate "2014.07.31"]
[EventType "swiss"]
[EventRounds "7"]
[EventCountry "GER"]
[SourceTitle "EXT 2015"]
[Source "ChessBase"]
[SourceDate "2014.11.20"]
[SourceVersion "1"]
[SourceVersionDate "2014.11.20"]
[SourceQuality "1"]

1. e4 e6 2. d4 d5 3. Nc3 Nf6 4. Bg5 dxe4 5. Nxe4 Be7 6. Bxf6 gxf6 7. Nf3 f5 8. Ng3 c5 9. Bb5+ Bd7 10. Bxd7+ Qxd7 11. 0-0 Nc6 12. c3 cxd4 13. Nxd4 Nxd4 14. Qxd4 Qxd4 15. cxd4 0-0-0 16. Rac1+ Kb8 17. Ne2 Rd5 18. Rc4 Rhd8 19. f4 b5 20. Rc3 Bf6 21. Rh3 Rh8 22. Rd1 h5 23. Kf1 Kb7 24. Nc3 Rxd4 25. Rxd4 Bxd4 26. Nxb5 Bc5 27. Rc3 Rc8 28. b4 a6 29. Rxc5 axb5 30. Rxb5+ Ka6 31. Re5 Rc4 32. b5+ Kb6 33. g3 h4 34. Kf2 h3 35. Kf3 Ra4 36. Re2 Kxb5 37. Rb2+ Kc4 38. g4 Ra3+ 39. Rb3 Rxa2 40. Rb7 Ra3+ 41. Kf2 fxg4 42. Rxf7 Kd5 43. Rf6 Kd6 44. Kg1 Rf3 45. Rf7 Kc5 46. Rf8 Kc6 47. Rc8+ Kd6 48. Rc4 Ke7 49. Rd4 Kf7 50. Rb4 Kg6 0-1

[Event "Rhein Main op-A 17th"]
[Site "Bad Homburg"]
[Date "2014.06.19"]
[Round "3"]
[White "Brendel, Bergit"]
[Black "Busch, Florian"]
[Result "0-1"]
[WhiteElo "2061"]
[BlackElo "1872"]
[PlyCount "90"]
[EventDate "2014.06.18"]
[EventType "swiss"]
[EventRounds "7"]
[EventCountry "GER"]
[SourceTitle "CBM 161 Extra"]
[Source "ChessBase"]
[SourceDate "2014.08.29"]
[SourceVersion "1"]
[SourceVersionDate "2014.08.29"]
[SourceQuality "1"]

1. e4 e6 2. d4 d5 3. Nc3 Nf6 4. e5 Nfd7 5. f4 c5 6. Nf3 Qb6 7. Ne2 Nc6 8. c3 cxd4 9. Nexd4 Bc5 10. a3 a5 11. Rb1 0-0 12. Bd3 Nxd4 13. cxd4 Be7 14. Qc2 h6 15. h4 f5 16. g4 fxg4 17. Bh7+ Kh8 18. Ng5 Bxg5 19. hxg5 Qxd4 20. gxh6 gxh6 21. Bd3 Kg7 22. Qe2 Rxf4 23. Be3 Qxe5 24. Bxf4 Qxf4 25. Qxe6 Qg3+ 26. Kd2 Qxd3+ 27. Kxd3 Nc5+ 28. Kd4 Nxe6+ 29. Kxd5 Ng5 30. Rbe1 Ra6 31. Re7+ Kg6 32. Rc1 Be6+ 33. Ke5 Rc6 34. Rd1 Bb3 35. Rd3 Re6+ 36. Rxe6+ Bxe6 37. Kf4 h5 38. Kg3 Nf3 39. Rd6 Kf5 40. Rb6 h4+ 41. Kf2 g3+ 42. Kxf3 Bd5+ 43. Ke3 h3 44. Rh6 h2 45. Rh5+ Kg6 0-1

[Event "Rhein Main op-A 17th"]
[Site "Bad Homburg"]
[Date "2014.06.19"]
[Round "2"]
[White "Busch, Florian"]
[Black "Kierzek, Matthias"]
[Result "1/2-1/2"]
[WhiteElo "1872"]
[BlackElo "2238"]
[PlyCount "56"]
[EventDate "2014.06.18"]
[EventType "swiss"]
[EventRounds "7"]
[EventCountry "GER"]
[SourceTitle "CBM 161 Extra"]
[Source "ChessBase"]
[SourceDate "2014.08.29"]
[SourceVersion "1"]
[SourceVersionDate "2014.08.29"]
[SourceQuality "1"]

1. e4 c6 2. d4 d5 3. exd5 cxd5 4. Bd3 Nc6 5. c3 Qc7 6. Ne2 Bg4 7. Qb3 Bxe2 8. Bxe2 Nxd4 9. Qxd5 Rd8 10. Bb5+ Nxb5 11. Qxb5+ Qd7 12. Qxd7+ Rxd7 13. Be3 a6 14. Na3 e6 15. Nc2 Nf6 16. Ke2 Nd5 17. Rad1 Bd6 18. Rd2 Ke7 19. Rhd1 Nxe3 20. Nxe3 Rhd8 21. h3 Bc7 22. Rxd7+ Rxd7 23. Rxd7+ Kxd7 24. Kd3 Kd6 25. c4 f5 26. b4 b6 27. Kd4 e5+ 28. Kc3 g6 1/2-1/2

[Event "Karl Mala Memorial op-A 16th"]
[Site "Frankfurt"]
[Date "2013.07.12"]
[Round "3"]
[White "Heilmann, Uwe"]
[Black "Busch, Florian"]
[Result "1/2-1/2"]
[WhiteElo "2101"]
[BlackElo "1825"]
[PlyCount "96"]
[EventDate "2013.07.11"]
[EventType "swiss"]
[EventRounds "7"]
[EventCountry "GER"]
[SourceTitle "EXT 2014"]
[Source "ChessBase"]
[SourceDate "2013.11.20"]
[SourceVersion "1"]
[SourceVersionDate "2013.11.20"]
[SourceQuality "1"]

1. e4 e6 2. d4 d5 3. Nd2 Nf6 4. e5 Nfd7 5. Bd3 c5 6. c3 Nc6 7. Ne2 cxd4 8. cxd4 Qb6 9. Nf3 Bb4+ 10. Bd2 f6 11. exf6 Nxf6 12. 0-0 0-0 13. a3 Bd6 14. Qc2 e5 15. dxe5 Nxe5 16. Nxe5 Bxe5 17. Rab1 Ng4 18. Be3 Nxe3 19. fxe3 Qxe3+ 20. Kh1 Bg4 21. Ng1 Qh6 22. h3 Bd4 23. Bxh7+ Qxh7 24. Qxh7+ Kxh7 25. hxg4 Bxg1 26. Kxg1 Rxf1+ 27. Rxf1 Kg6 28. Rf5 Rd8 29. Kf2 d4 30. Ke2 d3+ 31. Kd2 Rd4 32. Rf2 a6 33. Ke3 d2 34. Rxd2 Rxd2 35. Kxd2 Kg5 36. Ke3 Kxg4 37. Ke4 Kg3 38. Kf5 Kxg2 39. Kg6 Kf3 40. Kxg7 Ke4 41. Kf6 Kd4 42. Ke6 Kc4 43. Kd6 a5 44. a4 Kb3 45. Kc5 Kxa4 46. Kb6 Kb3 47. Kxa5 b6+ 48. Kxb6 Kxb2 1/2-1/2

[Event "Karl Mala Memorial op 15th"]
[Site "Frankfurt"]
[Date "2012.07.08"]
[Round "7"]
[White "Busch, Florian"]
[Black "Sanati, Charlotte"]
[Result "1-0"]
[WhiteElo "1796"]
[BlackElo "1607"]
[PlyCount "47"]
[EventDate "2012.07.05"]
[EventType "swiss"]
[EventRounds "7"]
[EventCountry "GER"]
[SourceTitle "CBM 149 Extra"]
[Source "ChessBase"]
[SourceDate "2012.08.24"]
[SourceVersion "1"]
[SourceVersionDate "2012.08.24"]
[SourceQuality "1"]

1. e4 e5 2. Nf3 Nc6 3. Bc4 Bc5 4. c3 Nf6 5. d4 exd4 6. cxd4 Bb4+ 7. Nc3 Nxe4 8. 0-0 Bxc3 9. d5 Ne7 10. bxc3 0-0 11. Re1 Nf6 12. d6 Ng6 13. Ba3 c6 14. Re7 b5 15. Bb3 h6 16. Qc2 Nh8 17. Ne5 Qb6 18. Bxf7+ Nxf7 19. Qg6 Nd5 20. Nxf7 Nxe7 21. dxe7 Ba6 22. Nxh6+ Kh8 23. exf8Q+ Rxf8 24. Bxf8 1-0

[Event "Rhein Main op-B 15th"]
[Site "Bad Homburg"]
[Date "2012.06.07"]
[Round "2"]
[White "Kuenne, Lutz Dieter"]
[Black "Busch, Florian"]
[Result "1/2-1/2"]
[WhiteElo "1545"]
[BlackElo "1775"]
[PlyCount "29"]
[EventDate "2012.06.06"]
[EventType "swiss"]
[EventRounds "7"]
[EventCountry "GER"]
[SourceTitle "EXT 2013"]
[Source "ChessBase"]
[SourceDate "2012.11.22"]
[SourceVersion "1"]
[SourceVersionDate "2012.11.22"]
[SourceQuality "1"]

1. e4 e6 2. d4 d5 3. Nd2 Nf6 4. e5 Nfd7 5. Bd3 c5 6. c3 Nc6 7. Ne2 cxd4 8. cxd4 Qb6 9. Nf3 f6 10. 0-0 fxe5 11. dxe5 Ndxe5 12. Nxe5 Nxe5 13. Bb1 Bc5 14. Nc3 0-0 15. Qe2 1/2-1/2

[Event "Karl Mala Memorial op 14th"]
[Site "Frankfurt"]
[Date "2011.07.10"]
[Round "6"]
[White "Fischer, Lutz"]
[Black "Busch, Florian"]
[Result "0-1"]
[WhiteElo "1481"]
[BlackElo "1747"]
[PlyCount "134"]
[EventDate "2011.07.07"]
[EventType "swiss"]
[EventRounds "7"]
[EventCountry "GER"]
[SourceTitle "EXT 2012"]
[Source "ChessBase"]
[SourceDate "2011.11.24"]
[SourceVersion "1"]
[SourceVersionDate "2011.11.24"]
[SourceQuality "1"]

1. e4 e6 2. d4 d5 3. Nc3 Nf6 4. Bg5 Bb4 5. e5 h6 6. Bh4 g5 7. Bg3 Ne4 8. Qd3 c5 9. Nge2 Nc6 10. f3 Nxg3 11. hxg3 Qb6 12. a3 cxd4 13. axb4 dxc3 14. Qxc3 Qxb4 15. f4 gxf4 16. gxf4 Bd7 17. Ra3 Rc8 18. Kd1 Qe4 19. Qe3 Qxe3 20. Rxe3 Ne7 21. Nd4 Ng6 22. g3 h5 23. Re2 Rc4 24. c3 Ra4 25. Reh2 h4 26. Kd2 Ke7 27. Bd3 Ra2 28. Ke3 h3 29. Bb1 Ra1 30. Nc2 Ra6 31. Rxh3 Rxh3 32. Rxh3 Rb6 33. b4 a5 34. Rh1 axb4 35. cxb4 Ba4 36. Nd4 Nf8 37. Bc2 Rxb4 38. Bxa4 Rxa4 39. Rb1 Ra3+ 40. Kf2 Ra7 41. Nb5 Ra2+ 42. Kf3 Nd7 43. Nd6 Ra3+ 44. Kf2 Nc5 45. Kg2 Ra8 46. Rh1 Ra2+ 47. Kf3 Ra3+ 48. Kg2 Ne4 49. Nxe4 dxe4 50. Rb1 Ra7 51. Rb4 Kd7 52. Rxe4 b5 53. Kf3 Kc6 54. Re1 Ra3+ 55. Kf2 b4 56. Rc1+ Kb5 57. Rc8 b3 58. Ke2 Ra1 59. Kd2 Kb4 60. Rb8+ Ka3 61. Ra8+ Kb2 62. Rb8 Rg1 63. Rb7 Rxg3 64. Rxf7 Kb1 65. Rb7 b2 66. Rb6 Ka2 67. Ra6+ Ra3 0-1

[Event "Rhein Main op 12th"]
[Site "Bad Homburg"]
[Date "2009.06.13"]
[Round "6"]
[White "Zulkipli, Zaidan"]
[Black "Busch, Florian"]
[Result "1-0"]
[WhiteElo "1975"]
[BlackElo "1632"]
[PlyCount "63"]
[EventDate "2009.06.10"]
[EventType "swiss"]
[EventRounds "7"]
[EventCountry "GER"]
[SourceTitle "CBM 131 Extra"]
[Source "ChessBase"]
[SourceDate "2009.09.03"]
[SourceVersion "2"]
[SourceVersionDate "2009.09.16"]
[SourceQuality "1"]

1. d4 d5 2. c4 c6 3. Nc3 Nf6 4. Nf3 Bf5 5. Bf4 e6 6. e3 Nbd7 7. Bd3 Bxd3 8. Qxd3 Be7 9. h3 0-0 10. 0-0 h6 11. Rfe1 Re8 12. Rad1 Bb4 13. a3 Bxc3 14. Qxc3 Ne4 15. Qc2 Nb6 16. b3 Qe7 17. Ne5 c5 18. f3 Nf6 19. dxc5 Qxc5 20. b4 Qc8 21. c5 Nbd7 22. Qb2 b6 23. c6 Nb8 24. b5 a6 25. a4 axb5 26. axb5 Ra5 27. Ra1 Qd8 28. Rxa5 bxa5 29. b6 Qc8 30. Rc1 Rd8 31. b7 Qc7 32. Nd7 1-0